Countries that Don't Recognize Palestine - Statistics

General Stats
  • This quiz has been taken 141 times
    103 since last reset
  • The average score is 27 of 41
Answer Stats
Country % Correct
United States
99%
United Kingdom
91%
Israel
90%
France
89%
Canada
88%
Germany
86%
Japan
84%
Italy
82%
Australia
80%
Mexico
77%
South Korea
77%
Austria
76%
Belgium
76%
Portugal
76%
Greece
75%
New Zealand
75%
Luxembourg
74%
Netherlands
74%
Andorra
73%
Switzerland
73%
Finland
71%
Denmark
70%
Latvia
66%
Lithuania
65%
Croatia
64%
Estonia
64%
Liechtenstein
64%
Taiwan
63%
North Macedonia
49%
Singapore
49%
Nauru
47%
Fiji
46%
Panama
45%
Samoa
42%
Micronesia
41%
Solomon Islands
41%
Tonga
41%
Kiribati
39%
Myanmar
37%
Cameroon
33%
Eritrea
32%
No matching quizzes found
Score Distribution
Percent of People with Each Score
Percentile by Number Answered
Your Score History
You have not taken this quiz since the last reset